000 00290nam a22001337a 4500
008 171124b xxu||||| |||| 00| 0 eng d
020 _a9780070669697
041 _aeng
080 _25TH
_a611
100 _a6
101 _aANA
245 _aHUMAN PHYSIOLOGY
_cVANDER,A.J
942 _2udc
_cBK
999 _c38462
_d38462